<?xml version="1.0" encoding="UTF-8"?><?xml-stylesheet type="text/xsl" href="static/style.xsl"?><OAI-PMH xmlns="http://www.openarchives.org/OAI/2.0/" xmlns:xsi="http://www.w3.org/2001/XMLSchema-instance" xsi:schemaLocation="http://www.openarchives.org/OAI/2.0/ http://www.openarchives.org/OAI/2.0/OAI-PMH.xsd"><responseDate>2026-06-30T01:24:26Z</responseDate><request verb="GetRecord" identifier="oai:docta.ucm.es:20.500.14352/114935" metadataPrefix="marc">https://docta.ucm.es/rest/oai/request</request><GetRecord><record><header><identifier>oai:docta.ucm.es:20.500.14352/114935</identifier><datestamp>2025-03-18T14:23:52Z</datestamp><setSpec>com_20.500.14352_14</setSpec><setSpec>col_20.500.14352_15</setSpec></header><metadata><record xmlns="http://www.loc.gov/MARC21/slim" xmlns:dcterms="http://purl.org/dc/terms/" xmlns:xsi="http://www.w3.org/2001/XMLSchema-instance" xmlns:doc="http://www.lyncode.com/xoai" xsi:schemaLocation="http://www.loc.gov/MARC21/slim http://www.loc.gov/standards/marcxml/schema/MARC21slim.xsd">
   <leader>00925njm 22002777a 4500</leader>
   <datafield ind2=" " ind1=" " tag="042">
      <subfield code="a">dc</subfield>
   </datafield>
   <datafield ind2=" " ind1=" " tag="720">
      <subfield code="a">Filippo, Maria Dini</subfield>
      <subfield code="e">author</subfield>
   </datafield>
   <datafield ind2=" " ind1=" " tag="720">
      <subfield code="a">Salas Fajardo, Martha Ynés</subfield>
      <subfield code="e">author</subfield>
   </datafield>
   <datafield ind2=" " ind1=" " tag="720">
      <subfield code="a">Taddei, Roberta</subfield>
      <subfield code="e">author</subfield>
   </datafield>
   <datafield ind2=" " ind1=" " tag="720">
      <subfield code="a">Ramini, Mattia</subfield>
      <subfield code="e">author</subfield>
   </datafield>
   <datafield ind2=" " ind1=" " tag="720">
      <subfield code="a">Vianello, Silvia</subfield>
      <subfield code="e">author</subfield>
   </datafield>
   <datafield ind2=" " ind1=" " tag="720">
      <subfield code="a">Caffara, Monica</subfield>
      <subfield code="e">author</subfield>
   </datafield>
   <datafield ind2=" " ind1=" " tag="720">
      <subfield code="a">Galuppi, Roberta</subfield>
      <subfield code="e">author</subfield>
   </datafield>
   <datafield ind2=" " ind1=" " tag="260">
      <subfield code="c">2024</subfield>
   </datafield>
   <datafield ind2=" " ind1=" " tag="520">
      <subfield code="a">Toxoplasma gondii is a widespread foodborne parasite that affects both humans and animals worldwide. The genetic characterization of this parasite has become crucial due to its epidemiological and clinical implications. The present study focused on the direct genetic characterization of T. gondiipositive DNA samples from Northern Italy, using three standardized genotyping methods. Of the 87 PCR-positive DNA samples obtained from livestock, wild, and captive animals, 9 were confirmed, quantified, and subsequently subjected to typing procedures: microsatellite analysis, PCR-RFLP, and partial sequencing of GRA6 and SAG3 genes. Most of the typed samples, derived from clinical cases of toxoplasmosis, specifically related to abortion outbreaks in small ruminants, as well as one case of systemic toxoplasmosis in lemur (Lemur catta). Predominantly, Type II strains were observed, with non-clonal variants identified in a sheep and a lemur. Sequencing of SAG3 revealed specific single nucleotide polymorphism, previously documented in European type-II variants, with phylogenesis suggesting a potential genetic relatedness between T. gondii population in Italy, Spain, and France. By utilizing three distinct genotyping methods, this study provides the first comprehensive microsatellite profiles of T. gondii in Italy, and additional insights into the molecular variability of T. gondii strains circulating in this country from different epidemiological settings.</subfield>
   </datafield>
   <datafield ind1="8" ind2=" " tag="024">
      <subfield code="a">Dini, F. M., Salas-Fajardo, M. Y., Taddei, R., Ramini, M., Vianello, S., Caffara, M., &amp; Galuppi, R. (2024). Multiple Typing Approach to Characterize Toxoplasma gondii Strains from Captive and Livestock Species in Northern Italy Suggests the Circulation of Type-II Variants. Animals : an open access journal from MDPI, 14(24), 3597. https://doi.org/10.3390/ani14243597</subfield>
   </datafield>
   <datafield ind1="8" ind2=" " tag="024">
      <subfield code="a">10.3390/ani14243597</subfield>
   </datafield>
   <datafield ind1="8" ind2=" " tag="024">
      <subfield code="a">https://hdl.handle.net/20.500.14352/114935</subfield>
   </datafield>
   <datafield ind1="8" ind2=" " tag="024">
      <subfield code="a">2076-2615</subfield>
   </datafield>
   <datafield ind1="8" ind2=" " tag="024">
      <subfield code="a">https://doi.org/10.3390/ani14243597</subfield>
   </datafield>
   <datafield ind1="8" ind2=" " tag="024">
      <subfield code="a">39765501</subfield>
   </datafield>
   <datafield ind2="0" ind1="0" tag="245">
      <subfield code="a">Multiple Typing Approach to Characterize Toxoplasma gondii Strains from Captive and Livestock Species in Northern Italy Suggests the Circulation of Type-II Variants</subfield>
   </datafield>
</record></metadata></record></GetRecord></OAI-PMH>